| 000 | 01774nam a22004337a 4500 | ||
|---|---|---|---|
| 003 | CHAP | ||
| 005 | 20220329143751.0 | ||
| 008 | 110729d2011 mx r 00010 spa d | ||
| 010 | _a101654 | ||
| 011 | _a102626 | ||
| 035 | _a113315 | ||
| 040 | _cCHAP | ||
| 090 | _aTesis | ||
| 100 | 1 |
_aCervantes Rogríguez, Claudia Graciela. _921613 |
|
| 245 | 1 | 0 |
_aEtanol a partir de agave como una alternativa viable de biocombustibles en México _h[En línea] _c/por Claudia Graciela Cervantes Rodríguez y José Ramón Ojeda Ledesma |
| 260 |
_aChapingo, Méx. : _bEl autor, _c2011 |
||
| 500 | _aPara ver el contenido del material haga clic en la liga | ||
| 502 | _aTesis (Lic. en Comercio Internacional de productos Agropecuarios ; Lic. en Economía Agrícola) -- UACH. División de Ciencias Económico Administrativas | ||
| 590 |
_aALEPH _b10 _c20130110 _lUCH01 _h1541 |
||
| 590 |
_aBATCH-UPD _b10 _c20130110 _lUCH01 _h1453 |
||
| 590 |
_aBATCH-UPD _b10 _c20130410 _lUCH01 _h0919 |
||
| 590 |
_aBATCH-UPD _b10 _c20130914 _lUCH01 _h0628 |
||
| 590 |
_aBATCH-UPD _b10 _c20140324 _lUCH01 _h1526 |
||
| 590 |
_aBATCH-UPD _b10 _c20141002 _lUCH01 _h0850 |
||
| 590 |
_aBATCH _b00 _c20181121 _lUCH01 _h0759 |
||
| 590 |
_aCONVERSION _b10 _c20130109 _lUCH01 _h1356 |
||
| 650 | 1 | 4 |
_aAgave _xComposicion. _91074 |
| 650 | 1 | 4 |
_aAgave _xMexico. _91084 |
| 650 | 1 | 4 |
_aBiocarburante. _912716 |
| 650 | 1 | 4 |
_aCombustibles. _925554 |
| 650 | 1 | 4 |
_aEtanol. _938579 |
| 700 | 1 |
_aOjeda Ledesma, José Ramón. _982906 |
|
| 856 |
_3Finding aid _uhttp://10.13.5.2/tesis/113315.pdf _zTeclea aqui |
||
| 856 |
_a1 _n0001534 |
||
| 901 | _aBK | ||
| 942 | _cFOLL | ||
| 949 |
_aTesis _bBC _cTES _d33724002248991 _eTS1 _gDonaciØn _h52491 _i113315 _st |
||
| 949 |
_aTesis _bBC _cTES _d33724002249033 _eTS2 _fc.2 _gDonaciØn _h52492 _i113315 _st |
||
| 999 |
_c101654 _d101654 |
||